000 00331nam a2200145Ia 4500
008 191201s2019 xx 000 0 und d
082 _a620.11
_bBES
100 _aBEDI, D S
245 0 _aStrength of Materials
250 _a3rd
260 _aN.Delhi
_bKhanna Publisher
300 _a541
650 _aB.Tech(ME)
942 _2ddc
_cBK
999 _c2433
_d2433